El tiempo en Jean-Paul Sartre

Zapisane w:
Opis bibliograficzny
1. autor: Grand Ruiz, Beatriz Hilda (Autor)
Format: Książka
Język:hiszpański
Wydane: Buenos Aires Clepsidra 1982
Hasła przedmiotowe:
Etykiety: Dodaj etykietę
Nie ma etykietki, Dołącz pierwszą etykiete!

MARC

LEADER 00000nam a2200000 a 4500
001 UCX0521
003 CL-VaPUC
008 891102e19820000AG |||||||||||||||||spa|d
082 0 4 |a 115  |b GRA  |2 21 
100 |a Grand Ruiz, Beatriz Hilda  |e author  |9 316499 
245 1 3 |a El tiempo en Jean-Paul Sartre 
300 |a 117 p 
942 |c BK 
945 |d 19891102 00:00:00 
260 |a Buenos Aires  |b Clepsidra  |c 1982 
600 0 7 |a SARTRE, JEAN-PAUL  |2 CL-VaPUC  |9 269377 
650 0 |a Tiempo   |9 267892 
650 0 |a Crítica e interpretación   |9 255042 
583 |a last modification  |c 19891102 00:00:00  |k Rodrigo Vera 
999 |c 222098  |d 222096 
952 |0 0  |1 0  |4 0  |6 115_000000000000000_GRA_1982  |7 0  |8 A  |9 216351  |a BIBEDU  |b BIBEDU  |d 2019-11-15  |i 2849704  |o 115 GRA 1982  |p 2849704  |r 2019-11-15  |w 2019-11-15  |y BK  |k FIL